[Event "SRB-chT3 South"]
[Site "Serbia"]
[Date "2010.09.26"]
[Round "3.3"]
[White "Stojanovic, Zlatko"]
[Black "Pavlovic, Dragoljub"]
[Result "1-0"]
[WhiteElo "2249"]
[BlackElo "2265"]
[PlyCount "87"]
[EventDate "2010.09.12"]
[EventType "team"]
[EventRounds "11"]
[EventCountry "SRB"]
[SourceTitle "EXT 2012"]
[Source "ChessBase"]
[SourceDate "2011.11.24"]
[SourceVersion "1"]
[SourceVersionDate "2011.11.24"]
[SourceQuality "1"]

1. e4 c5 2. Nf3 Nc6 3. d4 cxd4 4. Nxd4 Nf6 5. Nc3 d6 6. Bc4 Bd7 7. 0-0 g6 8. Nxc6 bxc6 9. Re1 Bg7 10. Rb1 0-0 11. b3 Ne8 12. Bb2 Nc7 13. Ne2 Bxb2 14. Rxb2 Ne6 15. Bxe6 fxe6 16. c4 Qb6 17. Nc3 Qb4 18. Re3 e5 19. Rc2 Be6 20. Na4 c5 21. Nc3 Qb7 22. Rd2 Rf6 23. Qe1 Raf8 24. Nd1 Qb4 25. Rc2 Qxe1+ 26. Rxe1 g5 27. Nc3 a5 28. a4 Kf7 29. Rd2 Ke8 30. Nb5 Kd7 31. Re3 g4 32. Red3 Rf4 33. Re3 Kc6 34. Nc3 Rb8 35. g3 Rf6 36. Nb5 Rbf8 37. Rde2 h5 38. Nc3 Rb8 39. Nb5 Rbf8 40. Rc2 Rf3 41. Rxf3 Rxf3 42. Rc3 Rxc3 43. Nxc3 Bf7 44. f4 1-0

[Event "Nis City-ch"]
[Site "Nis"]
[Date "2010.06.01"]
[Round "8"]
[White "Pavlovic, Dragoljub"]
[Black "Livaja, Mario"]
[Result "1-0"]
[WhiteElo "2274"]
[BlackElo "2209"]
[PlyCount "53"]
[EventDate "2010.05.25"]
[EventType "swiss"]
[EventRounds "9"]
[EventCountry "YUG"]
[SourceTitle "CBM 136 Extra"]
[Source "ChessBase"]
[SourceDate "2010.07.02"]
[SourceVersion "2"]
[SourceVersionDate "2010.07.15"]
[SourceQuality "1"]

1. d4 Nf6 2. c4 c5 3. d5 b5 4. cxb5 a6 5. bxa6 Bxa6 6. Nc3 d6 7. g3 g6 8. Bg2 Bg7 9. Nf3 0-0 10. 0-0 Nbd7 11. Rb1 Qa5 12. Bd2 Rfb8 13. a4 Ne8 14. Qc2 Nb6 15. b3 Bc8 16. Rfe1 Qa6 17. e4 c4 18. Bf1 cxb3 19. Rxb3 Qa7 20. Reb1 Qc7 21. Be3 Bd7 22. Bxb6 Rxb6 23. Rxb6 Bxa4 24. Qd3 Bxc3 25. Rb7 Qc8 26. Qc4 Nf6 27. Rc7 1-0

[Event "Nis City-ch"]
[Site "Nis"]
[Date "2010.05.31"]
[Round "7"]
[White "Milovanovic, Srboljub"]
[Black "Pavlovic, Dragoljub"]
[Result "1/2-1/2"]
[WhiteElo "2223"]
[BlackElo "2274"]
[PlyCount "112"]
[EventDate "2010.05.25"]
[EventType "swiss"]
[EventRounds "9"]
[EventCountry "YUG"]
[SourceTitle "CBM 136 Extra"]
[Source "ChessBase"]
[SourceDate "2010.07.02"]
[SourceVersion "2"]
[SourceVersionDate "2010.07.15"]
[SourceQuality "1"]

1. d4 Nf6 2. c4 e6 3. Nc3 Bb4 4. e3 0-0 5. Bd3 d5 6. Nge2 c5 7. a3 Bxc3+ 8. Nxc3 b6 9. 0-0 Bb7 10. cxd5 exd5 11. Qf3 Nbd7 12. Rd1 Qe7 13. Bd2 Ne4 14. Qf5 Ndf6 15. Nxe4 dxe4 16. Bc4 Rfd8 17. dxc5 Bd5 18. Rac1 Bxc4 19. Rxc4 Rd5 20. Qf4 bxc5 21. Kf1 Rad8 22. Ke1 Qd7 23. Rc2 Rd3 24. h3 h5 25. Qe5 Rd5 26. Qc3 Qd6 27. Qc4 Qh2 28. Qf1 Qd6 29. b4 cxb4 30. axb4 Rd3 31. Qe2 Nd5 32. Rb1 Nb6 33. Bc3 Nd5 34. Bd4 Nxb4 35. Rc5 Rxd4 36. exd4 Nd3+ 37. Kf1 Qxd4 38. Rcb5 g6 39. Rb8 Rxb8 40. Rxb8+ Kg7 41. Rb1 Nxf2 42. Qb2 Qxb2 43. Rxb2 Nd3 44. Rb7 Kf6 45. Rxa7 Ke6 46. Ke2 Nf4+ 47. Ke3 Nxg2+ 48. Kxe4 Kf6 49. Ra5 Nh4 50. Kf4 g5+ 51. Ke4 Kg6 52. Ra6+ f6 53. Rd6 Nf5 54. Rd3 Nh6 55. Rd6 Nf5 56. Rd3 Nh6 1/2-1/2

[Event "Nis City-ch"]
[Site "Nis"]
[Date "2010.05.25"]
[Round "1"]
[White "Rolj, Petar"]
[Black "Pavlovic, Dragoljub"]
[Result "0-1"]
[WhiteElo "1996"]
[BlackElo "2274"]
[PlyCount "123"]
[EventDate "2010.05.25"]
[EventType "swiss"]
[EventRounds "9"]
[EventCountry "YUG"]
[SourceTitle "CBM 136 Extra"]
[Source "ChessBase"]
[SourceDate "2010.07.02"]
[SourceVersion "2"]
[SourceVersionDate "2010.07.15"]
[SourceQuality "1"]

1. e4 c5 2. Nf3 Nc6 3. d4 cxd4 4. Nxd4 Nf6 5. Nc3 d6 6. Be3 e5 7. Nxc6 bxc6 8. Bd3 Ng4 9. Qd2 Nxe3 10. Qxe3 Qb6 11. Qxb6 axb6 12. 0-0 Be6 13. a3 Be7 14. f4 exf4 15. Rxf4 Bf6 16. Nd1 b5 17. c3 Be5 18. Rf1 Ke7 19. Ne3 g6 20. Be2 h5 21. Nc2 Rhb8 22. Rac1 c5 23. Ne3 b4 24. axb4 cxb4 25. Bc4 bxc3 26. bxc3 Ra3 27. Bxe6 fxe6 28. Nc4 Ra2 29. Nxe5 dxe5 30. Rf3 h4 31. Rcf1 Rbb2 32. R3f2 g5 33. h3 Re2 34. Rxe2 Rxe2 35. Rc1 Kd6 36. Kf1 Rxe4 37. Rd1+ Kc5 38. Rd8 g4 39. Rc8+ Kd6 40. Rd8+ Ke7 41. Rd3 Rf4+ 42. Ke1 g3 43. Re3 Kd6 44. Re2 Ra4 45. Rd2+ Kc5 46. Rb2 e4 47. Kd2 Kc4 48. Ke3 Kxc3 49. Rb6 Kc2 50. Rxe6 Kd1 51. Rb6 Ra2 52. Rb1+ Kc2 53. Rf1 Ra3+ 54. Kxe4 Kd2 55. Rb1 Ke2 56. Rb2+ Kf1 57. Kf4 Ra8 58. Kg4 Ra4+ 59. Kg5 Re4 60. Ra2 Re2 61. Ra4 Kxg2 62. Kxh4 0-1

[Event "Belgrade-chT"]
[Site "Belgrade"]
[Date "2008.10.13"]
[Round "9"]
[White "Pavlovic, Dragoljub"]
[Black "Djosic, Slavoljub"]
[Result "1-0"]
[WhiteElo "2296"]
[BlackElo "2256"]
[PlyCount "89"]
[EventDate "2008.10.05"]
[EventType "tourn"]
[EventRounds "9"]
[EventCountry "YUG"]
[SourceTitle "EXT 2009"]
[Source "ChessBase"]
[SourceDate "2008.11.26"]
[SourceVersion "1"]
[SourceVersionDate "2008.11.26"]
[SourceQuality "1"]

1. d4 Nf6 2. c4 e6 3. Nf3 b6 4. g3 Bb7 5. Bg2 g6 6. Nc3 d5 7. cxd5 exd5 8. 0-0 Bg7 9. Bg5 0-0 10. Rc1 c6 11. e4 h6 12. Bxf6 Qxf6 13. exd5 Rd8 14. Qb3 Na6 15. Ne4 Qe7 16. dxc6 Bxc6 17. Rxc6 Qxe4 18. Ne5 Qf5 19. Rxg6 Rab8 20. Be4 Nc5 21. Bxf5 Nxb3 22. Rxg7+ Kxg7 23. axb3 Rd6 24. Nf3 Re8 25. Bd3 Rc8 26. Bc4 Rb8 27. b4 b5 28. Bb3 Re8 29. Rc1 Re2 30. Rc2 Rxc2 31. Bxc2 Ra6 32. Ne5 Rd6 33. Nf3 Ra6 34. Ne1 Rd6 35. Nd3 Rxd4 36. Kf1 Rc4 37. Bb3 Re4 38. Bc2 Kf6 39. f3 Rc4 40. Bb1 Rc6 41. Ke2 Ra6 42. Kd2 Ra1 43. Kc2 Ke6 44. b3 Kd5 45. Nc5 1-0

[Event "Belgrade-chT"]
[Site "Belgrade"]
[Date "2008.10.12"]
[Round "8"]
[White "Pavlovic, Dragoljub"]
[Black "Grbic, Milorad"]
[Result "0-1"]
[WhiteElo "2296"]
[BlackElo "2304"]
[PlyCount "152"]
[EventDate "2008.10.05"]
[EventType "tourn"]
[EventRounds "9"]
[EventCountry "YUG"]
[SourceTitle "CBM 126 Extra"]
[Source "ChessBase"]
[SourceDate "2008.11.05"]
[SourceVersion "1"]
[SourceVersionDate "2008.11.05"]
[SourceQuality "1"]

1. d4 d5 2. Nf3 Nf6 3. c4 c6 4. e3 a6 5. b3 Bg4 6. Be2 e6 7. 0-0 Nbd7 8. Bb2 Bd6 9. Nbd2 0-0 10. h3 Bh5 11. Ne5 Bxe2 12. Qxe2 Qc7 13. f4 Bb4 14. Nd3 Bxd2 15. Qxd2 Ne4 16. Qc2 Qa5 17. c5 Qd2 18. Qxd2 Nxd2 19. Rfd1 Ne4 20. Rac1 h5 21. Bc3 Kh7 22. Be1 f6 23. Nf2 Nxf2 24. Bxf2 Kg6 25. g4 Rh8 26. Kg2 Rh7 27. Bg3 Rhh8 28. Re1 Rhe8 29. Kf3 Rac8 30. Rc2 hxg4+ 31. hxg4 f5 32. g5 Rh8 33. Ree2 Rh1 34. Re1 Rxe1 35. Bxe1 Rh8 36. Bg3 Rh1 37. Rh2 Rf1+ 38. Ke2 Ra1 39. Kd3 Rd1+ 40. Kc2 Rg1 41. Bf2 Rf1 42. Kd3 Ra1 43. Bg3 Kf7 44. Re2 Rg1 45. Be1 Kg6 46. Bb4 Rh1 47. Re1 Rxe1 48. Bxe1 Kh5 49. b4 Kg4 50. Ke2 Nf8 51. Kf2 Ng6 52. Kg2 Ne7 53. a4 Nc8 54. Bd2 Na7 55. Be1 Nc8 56. Bd2 Ne7 57. Bc3 Ng6 58. Be1 Nxf4+ 59. exf4 Kxf4 60. Bd2+ Kg4 61. g6 Kh5 62. Kg3 Kxg6 63. Kh4 Kf6 64. Bf4 Kg6 65. Bg5 f4 66. Bxf4 Kf5 67. Kg3 Ke4 68. Be5 Kd3 69. Bxg7 Kc4 70. Kf4 Kxb4 71. Ke3 Kxa4 72. Kd3 Kb3 73. Kd2 Kb2 74. Kd1 a5 75. Bh6 a4 76. Bc1+ Kb3 0-1

[Event "Nis-ch"]
[Site "Nis"]
[Date "2007.06.05"]
[Round "4"]
[White "Pavlovic, Dragoljub"]
[Black "Petrovic, Dragan R"]
[Result "1/2-1/2"]
[WhiteElo "2250"]
[BlackElo "2135"]
[PlyCount "122"]
[EventDate "2007.06.02"]
[EventType "swiss"]
[EventRounds "9"]
[EventCountry "SRB"]
[SourceTitle "EXT 2023"]
[Source "ChessBase"]
[SourceDate "2022.10.05"]
[SourceVersion "1"]
[SourceVersionDate "2022.10.05"]
[SourceQuality "1"]

1. d4 Nf6 2. c4 c5 3. d5 b5 4. cxb5 a6 5. bxa6 Bxa6 6. Nc3 d6 7. g3 g6 8. Bg2 Bg7 9. Nf3 0-0 10. 0-0 Nbd7 11. Qc2 Qc7 12. h3 Nb6 13. Rd1 Rfb8 14. Rb1 Bc4 15. e4 Bxa2 16. Nxa2 Rxa2 17. Nd4 Qd7 18. Nc6 Rb7 19. e5 Ne8 20. exd6 exd6 21. Re1 Bf6 22. Qb3 Ra8 23. Qf3 Nc4 24. Rxe8+ Rxe8 25. Qxf6 Qf5 26. Qxf5 Re1+ 27. Kh2 gxf5 28. Ra1 Nb6 29. b3 h6 30. Bb2 Rxa1 31. Bxa1 Kh7 32. Bc3 Kg6 33. f4 c4 34. bxc4 Nxc4 35. Bb4 Kh7 36. Kg1 Ne3 37. Kf2 Nxg2 38. Kxg2 Rb5 39. Bxd6 Rxd5 40. Be5 f6 41. Ba1 Kg7 42. Nd4 h5 43. Kf3 Ra5 44. Bc3 Ra3 45. Ne2 Kg6 46. Ke3 h4 47. Kd3 Kh5 48. Kc2 hxg3 49. Nxg3+ Kh4 50. Nxf5+ Kxh3 51. Ne3 Kg3 52. Nd5 Kf3 53. Kd3 Ra4 54. Bd2 f5 55. Bc1 Re4 56. Bd2 Ra4 57. Kc3 Ke4 58. Nb4 Ra8 59. Kc2 Rd8 60. Bc1 Rc8+ 61. Kd1 Rxc1+ 1/2-1/2

[Event "Nis-ch"]
[Site "Nis"]
[Date "2007.06.04"]
[Round "3"]
[White "Djukic, Zeljko"]
[Black "Pavlovic, Dragoljub"]
[Result "1/2-1/2"]
[WhiteElo "2402"]
[BlackElo "2250"]
[PlyCount "23"]
[EventDate "2007.06.02"]
[EventType "swiss"]
[EventRounds "9"]
[EventCountry "SRB"]
[SourceTitle "EXT 2023"]
[Source "ChessBase"]
[SourceDate "2022.10.05"]
[SourceVersion "1"]
[SourceVersionDate "2022.10.05"]
[SourceQuality "1"]

1. d4 Nf6 2. c4 e6 3. Nc3 Bb4 4. Bg5 c5 5. d5 d6 6. f3 h6 7. Bh4 0-0 8. e4 Re8 9. Nge2 exd5 10. cxd5 Nbd7 11. Bf2 Ne5 12. a3 1/2-1/2

[Event "Belgrade-chT"]
[Site "Belgrade"]
[Date "2007.??.??"]
[Round "8"]
[White "Duvnjak, Stevan"]
[Black "Pavlovic, Dragoljub"]
[Result "0-1"]
[WhiteElo "2235"]
[BlackElo "2265"]
[PlyCount "64"]
[EventDate "2007.10.??"]
[EventType "tourn"]
[EventRounds "9"]
[EventCountry "YUG"]
[SourceTitle "EXT 2010"]
[Source "ChessBase"]
[SourceDate "2010.11.25"]
[SourceVersion "1"]
[SourceVersionDate "2010.11.25"]
[SourceQuality "1"]

1. e4 c5 2. Nf3 Nc6 3. d4 cxd4 4. Nxd4 Nf6 5. Nc3 d6 6. Bg5 e6 7. Qd2 a6 8. 0-0-0 h6 9. Be3 Be7 10. f3 Nxd4 11. Qxd4 e5 12. Qd2 Be6 13. Kb1 Rc8 14. h4 b5 15. g4 Qa5 16. a3 Rb8 17. Nd5 Qxd2 18. Rxd2 Nxd5 19. exd5 Bd7 20. Bd3 Bd8 21. Rdh2 0-0 22. Rg2 Bb6 23. Bd2 Kh8 24. g5 h5 25. g6 f6 26. b3 a5 27. Be2 Rbc8 28. f4 Bf5 29. Rc1 Be4 30. Rh2 Bc5 31. Kb2 Bxg6 32. Bxa5 Be3 0-1

[Event "Belgrade-chT"]
[Site "Belgrade"]
[Date "2007.??.??"]
[Round "2"]
[White "Jovic, Aleksandar"]
[Black "Pavlovic, Dragoljub"]
[Result "0-1"]
[WhiteElo "2380"]
[BlackElo "2265"]
[PlyCount "46"]
[EventDate "2007.10.??"]
[EventType "tourn"]
[EventRounds "9"]
[EventCountry "YUG"]
[SourceTitle "EXT 2010"]
[Source "ChessBase"]
[SourceDate "2010.11.25"]
[SourceVersion "1"]
[SourceVersionDate "2010.11.25"]
[SourceQuality "1"]

1. g3 Nf6 2. Bg2 d5 3. c4 e6 4. Nf3 Be7 5. 0-0 0-0 6. Qc2 Nbd7 7. d3 c6 8. e4 dxe4 9. dxe4 Qc7 10. b3 Re8 11. Bb2 e5 12. a3 a5 13. Nbd2 Bf8 14. Bc3 b6 15. b4 axb4 16. axb4 Rxa1 17. Rxa1 c5 18. b5 Bb7 19. Ne1 g6 20. f3 Bh6 21. Bf1 Nf8 22. Qb2 N6d7 23. Bh3 Ne6 0-1

[Event "Nis-ch"]
[Site "Nis"]
[Date "2006.08.31"]
[Round "7"]
[White "Pavlovic, Dragoljub"]
[Black "Ostojic, Nikola M"]
[Result "1/2-1/2"]
[WhiteElo "2246"]
[BlackElo "2069"]
[PlyCount "114"]
[EventDate "2006.08.25"]
[EventType "swiss"]
[EventRounds "8"]
[EventCountry "YUG"]
[SourceTitle "EXT 2023"]
[Source "ChessBase"]
[SourceDate "2022.10.05"]
[SourceVersion "1"]
[SourceVersionDate "2022.10.05"]
[SourceQuality "1"]

1. d4 Nf6 2. c4 c5 3. d5 b5 4. cxb5 a6 5. bxa6 Bxa6 6. Nc3 d6 7. g3 g6 8. Bg2 Bg7 9. Nf3 Nbd7 10. Rb1 0-0 11. 0-0 Qa5 12. Qc2 Rfb8 13. Rd1 Ng4 14. Bd2 Nge5 15. Nxe5 Nxe5 16. b3 Qa3 17. Qc1 Bc8 18. Qxa3 Rxa3 19. Bc1 Ra7 20. h3 Nf3+ 21. exf3 Bxc3 22. Bb2 Bg7 23. Bxg7 Kxg7 24. Rb2 Rba8 25. Rdd2 Ra3 26. Bf1 Ba6 27. Bxa6 R8xa6 28. Re2 Kf6 29. f4 e6 30. Rbd2 h5 31. h4 Ke7 32. Kf1 Kd7 33. dxe6+ fxe6 34. Rc2 R3a5 35. Ke1 d5 36. Kd1 Ke7 37. Kc1 c4 38. bxc4 dxc4 39. Rxc4 Rxa2 40. Rxa2 Rxa2 41. Rc2 Ra3 42. Kd2 Kf6 43. Rc3 Ra5 44. Ke3 Ra1 45. Kf3 Rg1 46. Re3 Ra1 47. Kg2 Ra2 48. Kf1 Ra1+ 49. Re1 Ra3 50. Re2 Ra1+ 51. Kg2 Ra4 52. f3 Kf5 53. Re5+ Kf6 54. Re4 Ra2+ 55. Kf1 Ra1+ 56. Kf2 Ra2+ 57. Re2 Ra4 1/2-1/2

[Event "Nis-ch"]
[Site "Nis"]
[Date "2006.08.27"]
[Round "3"]
[White "Pavlovic, Dragoljub"]
[Black "Perunovic, Miodrag"]
[Result "0-1"]
[WhiteElo "2246"]
[BlackElo "2376"]
[PlyCount "74"]
[EventDate "2006.08.25"]
[EventType "swiss"]
[EventRounds "8"]
[EventCountry "YUG"]
[SourceTitle "EXT 2023"]
[Source "ChessBase"]
[SourceDate "2022.10.05"]
[SourceVersion "1"]
[SourceVersionDate "2022.10.05"]
[SourceQuality "1"]

1. d4 Nf6 2. c4 e6 3. Nf3 b6 4. g3 Ba6 5. b3 Bb4+ 6. Bd2 Be7 7. Bg2 c6 8. Bc3 d5 9. Nbd2 Nbd7 10. 0-0 0-0 11. Qc2 Rc8 12. Rfe1 c5 13. dxc5 Nxc5 14. Rad1 Ncd7 15. Qb2 dxc4 16. Nxc4 Bxc4 17. bxc4 Qe8 18. Nd2 Nc5 19. Be5 Qa4 20. Rc1 Ncd7 21. Bc3 Rfd8 22. Qb3 Nc5 23. Qb1 Qe8 24. Red1 Qa4 25. Bb4 h6 26. Bxc5 Bxc5 27. Qb3 Qe8 28. Ne4 Nd7 29. Nc3 Qe7 30. Qa4 Ne5 31. Rxd8+ Rxd8 32. Ne4 f5 33. Nxc5 Qxc5 34. h3 Kh7 35. Qc2 Rd4 36. Qa4 Rd2 37. Bf1 Nd3 0-1

[Event "Belgrade Trophy 18th"]
[Site "Obrenovac"]
[Date "2005.11.29"]
[Round "8"]
[White "Pavlovic, Dragoljub"]
[Black "Stavrianakis, Ioannis"]
[Result "0-1"]
[WhiteElo "2261"]
[BlackElo "2055"]
[PlyCount "123"]
[EventDate "2005.11.22"]
[EventType "swiss"]
[EventRounds "9"]
[EventCountry "YUG"]
[SourceTitle "CBM 109 Extra"]
[Source "ChessBase"]
[SourceDate "2006.01.03"]
[SourceVersion "2"]
[SourceVersionDate "2006.01.03"]
[SourceQuality "1"]

1. d4 e6 2. c4 Nf6 3. g3 d5 4. Bg2 c6 5. Nf3 b6 6. 0-0 Ba6 7. cxd5 cxd5 8. Nc3 Be7 9. Bf4 0-0 10. Rc1 Nh5 11. Bd2 Nd7 12. Re1 Bb7 13. e3 Nhf6 14. Bf1 a6 15. Bd3 Bd6 16. Qc2 h6 17. Qb1 Rc8 18. Red1 Rc7 19. Be1 Qa8 20. Nd2 Rfc8 21. f3 e5 22. Bf5 Re8 23. Bf2 e4 24. f4 b5 25. Ne2 Nb6 26. Rxc7 Bxc7 27. Kg2 Bd6 28. Nb3 g6 29. Bh3 Bc8 30. Bxc8 Rxc8 31. Rc1 Nc4 32. h3 a5 33. Na1 b4 34. b3 Na3 35. Rxc8+ Qxc8 36. Qc1 Qxc1 37. Nxc1 Kf8 38. Kf1 Ke7 39. Ke2 Kd7 40. Kd1 g5 41. Nc2 Nb5 42. Ne2 Nh5 43. Ne1 Ke6 44. Ng2 Ng7 45. Be1 Nf5 46. g4 Ng7 47. f5+ Ke7 48. Kd2 h5 49. Bg3 hxg4 50. hxg4 Ne8 51. Be5 Nf6 52. Bxf6+ Kxf6 53. Ng1 Na7 54. Ne2 Nc6 55. Ke1 Ne7 56. Kf2 Ng8 57. Nef4 gxf4 58. exf4 Kg7 59. g5 f6 60. Ne3 Bxf4 61. Nxd5 fxg5 62. Nb6 0-1

[Event "Belgrade-chT"]
[Site "Belgrade"]
[Date "2005.10.08"]
[Round "8"]
[White "Pavlovic, Dragoljub"]
[Black "Nikolic, Dragovan"]
[Result "1/2-1/2"]
[WhiteElo "2242"]
[BlackElo "2286"]
[PlyCount "102"]
[EventDate "2005.10.01"]
[EventType "tourn"]
[EventRounds "9"]
[EventCountry "YUG"]
[SourceTitle "CBM 108 Extra"]
[Source "ChessBase"]
[SourceDate "2005.11.04"]
[SourceVersion "1"]
[SourceVersionDate "2005.11.04"]
[SourceQuality "1"]

1. d4 Nf6 2. c4 e6 3. Nf3 d5 4. g3 Be7 5. Bg2 0-0 6. 0-0 a6 7. Qc2 Nc6 8. Nbd2 Nb4 9. Qd1 a5 10. a3 Nc6 11. b3 Ne4 12. Bb2 f5 13. Qc2 Bd7 14. Rad1 Be8 15. Nxe4 fxe4 16. Ne5 Ra6 17. f3 Nxe5 18. dxe5 exf3 19. exf3 Bg6 20. Qd2 c6 21. Bh3 Bf5 22. Bxf5 Rxf5 23. Kg2 Qf8 24. cxd5 cxd5 25. a4 Bb4 26. Qd3 Rc6 27. f4 g6 28. Rc1 Rf7 29. h4 Rfc7 30. Rxc6 bxc6 31. h5 Qf5 32. Qe2 gxh5 33. Rh1 Qg4 34. Qxg4+ hxg4 35. Rh6 Re7 36. f5 Kg7 37. Rf6 c5 38. Bc1 h5 39. Bh6+ Kg8 40. Bf8 Re8 41. fxe6 c4 42. Bxb4 axb4 43. bxc4 dxc4 44. Rf4 Kg7 45. Rxc4 Rb8 46. a5 b3 47. Rc1 Rb5 48. a6 Ra5 49. Rc7+ Kg6 50. e7 Ra2+ 51. Kf1 Kf7 1/2-1/2

[Event "Belgrade Spring op"]
[Site "Belgrade"]
[Date "2005.03.30"]
[Round "6"]
[White "Pavlovic, Dragoljub"]
[Black "Petrovic, Petar"]
[Result "1-0"]
[WhiteElo "2261"]
[BlackElo "2181"]
[PlyCount "123"]
[EventDate "2005.03.25"]
[EventType "swiss"]
[EventRounds "9"]
[EventCountry "YUG"]
[SourceTitle "CBM 105 Extra"]
[Source "ChessBase"]
[SourceDate "2005.05.01"]
[SourceVersion "1"]
[SourceVersionDate "2005.05.01"]
[SourceQuality "1"]

1. d4 Nf6 2. c4 e6 3. g3 Bb4+ 4. Bd2 a5 5. Bg2 d5 6. Qc2 Nc6 7. Nf3 Ne4 8. Bxb4 Nxb4 9. Qc1 Nc6 10. Nc3 f5 11. cxd5 exd5 12. 0-0 0-0 13. Rd1 Be6 14. Na4 h6 15. Nc5 Nxc5 16. Qxc5 Kh7 17. Rac1 Rf7 18. e3 Qb8 19. Ne1 Nb4 20. a3 Na6 21. Qxa5 c6 22. Nd3 Nc7 23. Qd2 Ne8 24. Ne5 Rf8 25. f3 Nd6 26. Bf1 Qd8 27. Qb4 Bc8 28. Bd3 Nf7 29. a4 Nd6 30. Ra1 Rf6 31. a5 Ne8 32. Rdc1 Nc7 33. Qd2 Kg8 34. a6 bxa6 35. Nxc6 Qe8 36. Ne5 Nb5 37. Rc5 Bb7 38. Rac1 Rc8 39. Qc2 Rf8 40. Qb3 Rxc5 41. Rxc5 Qa8 42. Qc2 Nd6 43. Rc7 Nb5 44. Rc5 Nd6 45. Qb3 Qd8 46. Rc1 Re8 47. Qc2 Qg5 48. Qf2 Rc8 49. Rxc8+ Bxc8 50. h4 Qd8 51. Qc2 Qa5 52. Kf2 Qa1 53. Be2 Qa5 54. Qc5 Qd8 55. Qxd5+ Kh8 56. Bd3 Qb6 57. Be2 Be6 58. Qc5 Qb8 59. d5 Bc8 60. Nc6 Qc7 61. b4 Qd7 62. Bd3 1-0

[Event "Belgrade Spring op"]
[Site "Belgrade"]
[Date "2005.03.29"]
[Round "5"]
[White "Lazarevic, Zoran Voj"]
[Black "Pavlovic, Dragoljub"]
[Result "1/2-1/2"]
[WhiteElo "2162"]
[BlackElo "2261"]
[PlyCount "40"]
[EventDate "2005.03.25"]
[EventType "swiss"]
[EventRounds "9"]
[EventCountry "YUG"]
[SourceTitle "CBM 105 Extra"]
[Source "ChessBase"]
[SourceDate "2005.05.01"]
[SourceVersion "1"]
[SourceVersionDate "2005.05.01"]
[SourceQuality "1"]

1. e4 c5 2. Nf3 Nc6 3. d4 cxd4 4. Nxd4 Nf6 5. Nc3 d6 6. Bg5 e6 7. Qd2 a6 8. 0-0-0 h6 9. Be3 Be7 10. f3 Nxd4 11. Bxd4 b5 12. Bd3 Qa5 13. Kb1 b4 14. Ne2 e5 15. Be3 Be6 16. Nc1 d5 17. Nb3 Qc7 18. exd5 Nxd5 19. Be4 Rd8 20. Bxd5 Bxd5 1/2-1/2

[Event "Belgrade Spring op"]
[Site "Belgrade"]
[Date "2005.03.27"]
[Round "3"]
[White "Brujic, Bozidar"]
[Black "Pavlovic, Dragoljub"]
[Result "1-0"]
[WhiteElo "2221"]
[BlackElo "2261"]
[PlyCount "99"]
[EventDate "2005.03.25"]
[EventType "swiss"]
[EventRounds "9"]
[EventCountry "YUG"]
[SourceTitle "CBM 105 Extra"]
[Source "ChessBase"]
[SourceDate "2005.05.01"]
[SourceVersion "1"]
[SourceVersionDate "2005.05.01"]
[SourceQuality "1"]

1. d4 Nf6 2. c4 e6 3. Nc3 Bb4 4. Qc2 0-0 5. e4 d5 6. e5 Ne4 7. Bd3 c5 8. Bxe4 dxe4 9. dxc5 Na6 10. Nge2 Nxc5 11. 0-0 Qd3 12. Qxd3 exd3 13. Nd4 Rd8 14. Be3 Bxc3 15. bxc3 b6 16. Rfd1 Ba6 17. Nb5 Bxb5 18. cxb5 Rac8 19. Bd4 Rd5 20. Rab1 f6 21. f4 fxe5 22. fxe5 Kf7 23. Rb2 Ne4 24. Rxd3 Rc4 25. Re2 Nc5 26. Rf3+ Kg8 27. Ref2 Nd7 28. Rf7 h6 29. Re7 Nxe5 30. Re2 Nf7 31. R2xe6 Rxb5 32. Rxa7 Rc8 33. Ree7 Rf8 34. h4 Rb2 35. Reb7 g5 36. hxg5 hxg5 37. Rxb6 Rxb6 38. Bxb6 Rb8 39. Bd4 Rb1+ 40. Kh2 Rb2 41. Kg3 Nd6 42. Kf3 Nb5 43. Rg7+ Kf8 44. Rxg5 Nxd4+ 45. cxd4 Rxa2 46. g4 Kf7 47. Rf5+ Ke6 48. d5+ Kd6 49. g5 Ra1 50. Kg4 1-0

[Event "Belgrade Trophy 17th"]
[Site "Obrenovac"]
[Date "2004.11.25"]
[Round "4"]
[White "Pavlovic, Dragoljub"]
[Black "Kojovic, Dragan"]
[Result "0-1"]
[WhiteElo "2252"]
[BlackElo "2352"]
[PlyCount "102"]
[EventDate "2004.11.22"]
[EventType "swiss"]
[EventRounds "9"]
[EventCountry "YUG"]
[SourceTitle "CBM 103 Extra"]
[Source "ChessBase"]
[SourceDate "2005.01.01"]
[SourceVersion "1"]
[SourceVersionDate "2005.01.01"]
[SourceQuality "1"]

1. d4 Nf6 2. c4 g6 3. Nf3 Bg7 4. g3 0-0 5. Bg2 d5 6. cxd5 Nxd5 7. 0-0 Nb6 8. Nc3 Nc6 9. e3 e5 10. d5 Na5 11. e4 c6 12. Be3 cxd5 13. Bxb6 Qxb6 14. Nxd5 Qd8 15. Rc1 Nc6 16. b4 Bg4 17. h3 Bxf3 18. Bxf3 Kh8 19. Bg2 Qd6 20. a3 Rad8 21. Kh2 f5 22. Qd3 f4 23. g4 Nd4 24. f3 Rc8 25. Rfd1 h5 26. Rc3 hxg4 27. hxg4 Rxc3 28. Nxc3 Qf6 29. Rh1 Rc8 30. Kg1+ Kg8 31. Kf2 Qe6 32. Rb1 Bf6 33. Kf1 Bh4 34. Nd5 Qc6 35. Kg1 Qc2 36. Qxc2 Rxc2 37. Rd1 Kf7 38. Kh1 Bf2 39. Kh2 Rc8 40. Bh1 Bg3+ 41. Kg1 Rc2 42. Bg2 Bf2+ 43. Kh2 Be3 44. Kh3 g5 45. Rd3 Ne2 46. Kh2 Bg1+ 47. Kh3 Bd4 48. Kh2 Ng3 49. Rd1 b5 50. Kh3 Ke6 51. Bf1 Nh1 0-1

[Event "Belgrade Trophy 17th"]
[Site "Obrenovac"]
[Date "2004.11.23"]
[Round "2"]
[White "Pavlovic, Dragoljub"]
[Black "Marinkov, Svetislav"]
[Result "1-0"]
[WhiteElo "2252"]
[BlackElo "2044"]
[PlyCount "73"]
[EventDate "2004.11.22"]
[EventType "swiss"]
[EventRounds "9"]
[EventCountry "YUG"]
[SourceTitle "CBM 103 Extra"]
[Source "ChessBase"]
[SourceDate "2005.01.01"]
[SourceVersion "1"]
[SourceVersionDate "2005.01.01"]
[SourceQuality "1"]

1. d4 Nf6 2. c4 e6 3. g3 d5 4. Bg2 dxc4 5. Qa4+ Nbd7 6. Nf3 Be7 7. 0-0 0-0 8. Qxc4 c5 9. dxc5 Nxc5 10. Nc3 Qa5 11. b4 Qa6 12. Ne5 Qxc4 13. Nxc4 Ncd7 14. a3 Nb6 15. Na5 Nbd5 16. Bb2 Nxc3 17. Bxc3 Nd5 18. Bb2 Bd8 19. e4 Ne7 20. Rac1 b6 21. Nc4 Ba6 22. Rfd1 Rc8 23. Nd6 Rxc1 24. Rxc1 Ng6 25. e5 Bd3 26. f4 b5 27. Bd4 a5 28. Rc3 Bb1 29. Nxb5 Ne7 30. Bc5 axb4 31. axb4 f6 32. Nd4 Kf7 33. Bh3 Ba2 34. exf6 Kxf6 35. Re3 Re8 36. Nxe6 Nc6 37. f5 1-0